Návrh kompresorovej stanice v spolupráci s firmou KAESER

Uložené v:
Podrobná bibliografia
Hlavný autor: Kvasniak, Šimon (Autor)
Ďalší autori: Mierka, Otto (Vedúci práce)
Médium: Rukopis Kniha
Jazyk:Slovak
Vydavateľské údaje: 2017
Predmet:
On-line prístup:http://is.stuba.sk/zp/portal_zp.pl?podrobnosti=128470
Tagy: Pridať tag
Žiadne tagy, Buďte prvý, kto otaguje tento záznam!

MARC

LEADER 00000ntm a22000003a 4500
001 stuzp64267
003 SK-STU
005 20170610211140.5
007 ta
008 150427s2015----xo-----f-mn---000-0-slo-d
040 |a STU  |b slo 
041 0 |a slo 
100 1 |a Kvasniak, Šimon  |u 046000  |4 aut  |U FCHPT Fakulta chemickej a potravinárskej technológie  |T FCHPT Ústav chemického a environmentálneho inžinierstva  |X 61052  |U C6000  |Y 104  |7 61052 
242 0 1 |a Compressed Air Station Design in Collaboration with KAESER Company  |y eng 
245 1 0 |a Návrh kompresorovej stanice v spolupráci s firmou KAESER 
260 |c 2017 
650 4 |a stlačený vzduch  |2 slo 
650 4 |a návrh zdroja stlačeného vzduchu  |2 slo 
650 4 |a analýza spotreby vzduchu  |2 slo 
650 4 |a outsourcing  |2 slo 
650 4 |a compressed air  |2 eng 
650 4 |a compressed air source design  |2 eng 
650 4 |a air demand analysis  |2 eng 
650 4 |a outsourcing  |2 eng 
700 1 |a Mierka, Otto  |u 046230  |k Z8  |4 ths  |U FCHPT Ústav chemického a environmentálneho inžinierstva  |T FCHPT Oddelenie chemického a biochemického inžinierstva  |X 3311  |U C6230  |Y 119  |7 A000003311 
856 4 |u http://is.stuba.sk/zp/portal_zp.pl?podrobnosti=128470